|
|
|
|
| LEADER |
01218pam a22003738a 4500 |
| 001 |
00040057 |
| 005 |
20171026081025.0 |
| 008 |
170918s2015 ||||||Viesd |
| 020 |
# |
# |
|a 9786045949856
|c 350000
|
| 041 |
0 |
# |
|a Vie
|
| 082 |
1 |
4 |
|a 344.597 01
|b CH312S
|
| 100 |
1 |
# |
|a Quý, Lâm
|e Sưu tầm, hệ thống
|
| 245 |
0 |
0 |
|a Chính sách đối với lao động nữ và các hướng dẫn mới nhất liên quan đến người lao động
|c Quý Lâm, Kim Phượng (sưu tầm, hệ thống)
|
| 260 |
# |
# |
|a Hà Nội
|b Lao động
|c 2015
|
| 300 |
# |
# |
|a 411 tr.
|c 28 cm.
|
| 653 |
# |
# |
|a Chính sách
|
| 653 |
# |
# |
|a Hướng dẫn
|
| 653 |
# |
# |
|a Việt Nam
|
| 653 |
# |
# |
|a Pháp luật
|
| 653 |
# |
# |
|a Nữ giới
|
| 653 |
# |
# |
|a Luật lao động
|
| 700 |
1 |
# |
|a Kim, Phượng
|e Sưu tầm, hệ thống
|
| 852 |
# |
# |
|j KD.0022378
|j KM.0023141
|
| 852 |
# |
# |
|b Kho đọc
|j KD.0022378
|
| 852 |
# |
# |
|b Kho mượn
|j KM.0023141
|
| 910 |
|
|
|d 18/09/2017
|
| 980 |
# |
# |
|a Trung tâm Học liệu Lê Vũ Hùng, Trường Đại học Đồng Tháp
|